Seminar on export promotion (Record no. 497872)

000 -LEADER
fixed length control field 00342cam a22001097a 4500
008 - FIXED-LENGTH DATA ELEMENTS--GENERAL INFORMATION
fixed length control field 180718b1974 xxu||||| |||| 00| 0 eng d
082 ## - DEWEY DECIMAL CLASSIFICATION NUMBER
Classification number T39 In2re
245 ## - TITLE STATEMENT
Title Seminar on export promotion
Statement of responsibility, etc. by Indian Investment Centre, India
260 ## - PUBLICATION, DISTRIBUTION, ETC.
Place of publication, distribution, etc. New Delhi
Name of publisher, distributor, etc. Indian Investment Centre
Date of publication, distribution, etc. 1974
300 ## - PHYSICAL DESCRIPTION
Extent 144p.
700 ## - ADDED ENTRY--PERSONAL NAME
Personal name India.Indian Investment Centre
Holdings
Withdrawn status Lost status Damaged status Not for loan Permanent Location Current Location Date acquired Full call number Barcode Date last seen Price effective from Koha item type
        Indian Institute of Public Administration Indian Institute of Public Administration 2018-08-04 T39 In2re GG16671 2018-08-04 2018-08-04 GG

Powered by Koha